000 00551nam a2200205Ia 4500
005 20250508165349.0
008 008 250505s9999 xx 000 0 eng d
020 _a978-1-107-69442-2
037 _aTextual
040 _aFEDL
_beng
_cFEDL
041 _aeng
_2eng
084 _a574, HAY
_qFEDL
100 _aHayward Dave
_9777318
245 0 _aIGCSE study guide for biology
260 _aLondon, UK
_bHodder Education
_c2005
300 _aviii, 148p.
365 _aINR
_b695
942 _cTEXL
_h574, HAY
999 _c1394675
_d1394675